LEADER 00931nam 2200313 450 001 996715206703316 005 20260320104006.0 100 $a20260320d km y0itay5003 ba 101 0 $aita 102 $aIT 105 $ay 00 y 200 1 $aStoria d'Italia$fIndro Montanelli, Roberto Gervaso 210 $aMilano$cBiblioteca universale Rizzoli 215 $avolumi$d18 cm 225 $aBUR$v51 327 1 $a<> <> fine della libertà italiana. - 2. ed. - 1981. - XV, 246 p. : ill. 410 $12001$aBUR$v51 540 1 $a<> fine della libertà italiana 606 0 $aItalia$xStoria$2BNCF 676 $a945 700 1$aMONTANELLI,$bIndro$0247523 701 1$aGERVASO,$bRoberto$0176195 801 0$aIT$bcba$gREICAT 912 $a996715206703316 951 $aXVI.8. 501 13$b95275 G.$cXVI.8.$d374422 959 $aBK 969 $aFAVAG 996 $aStoria d'Italia$94554019 997 $aUNISA